LEADER 00861nam a2200241 i 4500 001 000000036253 003 CaOOAMICUS 005 20070828000000.0 008 070828s1990 it u000 u ita u 013 $a5507 020 $a88-452-1618-7 040 $aSeMil$bita 100 1 $aTomizza, Fulvio,$d<1935-1999>.$0(OLS)http://semarc/name/15445 245 10$aFughe incrociate /$cFulvio Tomizza. 260 $aMilano :$bBompiani,$c1990. 300 $a162 p. ;$c22 cm. 500 $aDono di mons. Antonio Rimoldi. 850 $aSeMil 852 $aSeMil$W1$xVenegono$y1$m1O V 50$j2408$B2408$CSeMilBibl$Z2$F2408 $81 961 $aOmaggio: Rimoldi mons. Antonio 996 $6020$a88-452-1618-7$9(OLS)http://semarc/number/4794 996 $6245$aFughe incrociate$9(OLS)http://semarc/title/50072 996 $6260$aMilano :$bBompiani$9(OLS)http://semarc/publisher/29706 LEADER 01253nam a2200265 i 4500 001 000000113717 003 CaOOAMICUS 005 20030401000000.0 008 030401s1961 xxk u000 u mul u 013 $a86403 040 $aSeMil$bita 240 00$aBibbia. Nuovo Testamento. Vangelo secondo Marco.$0(OLS)http://semarc/title/457930 245 10$aMark :$ba Greek-English Diglot for the use of translators. 260 $aLondon :$bThe British and Foreign Bible Society,$c1961. 300 $aiii, 93 p. in due sequenze ;$c24 cm. 490 0 $aThe Greek-English New Testament 500 $aIn testa al front. : For private circulation only. - Testo greco a fronte. - Fondo Card. C.M. Martini. 650 4$aBibbia - NT - Marco - Traduzione greco-inglese.$0(OLS)http://semarc/subject/20653 830 4$aThe Greek-English New Testament.$0(OLS)http://semarc/title/11878 850 $aSeMil 852 $aSeMil$W1$xVenegono$y1$m2W III 94$j69377$B69377$CSeMilBibl$Z2$F103171 $81 941 1 $a4 961 $aOmaggio: Martini Card. Carlo Maria 996 $6245$aMark :$ba Greek-English Diglot for the use of translators$9(OLS)http://semarc/title/166088 996 $6260$aLondon :$bThe British and Foreign Bible Society$9(OLS)http://semarc/publisher/32437